1681 1527 1219 1718 1534 1477 1466 1830 1278 1068 1220 1454 1005 1376 1171 1698 1098 1508 1436 1023 1953 1028 1191 1942 1336 1459 1333 1744 1074 1346 1875 1098 1268 1291 1833 1673 1814 1204 1559 1475 1155 1452 1846 1828 1315 1166 1217 1163 1871 1189 1769 1489 1564 1588 1840 1018 1998 1484 1666 1764 1486 1172 1194 1188 1790 1768 1240 1141 1950 1927 1793 1784 1416 1633 1580 1063 1326 1769 1572 1585 1336 1921 1610 1380 1790 1349 1252 1372 1401 1750 1402 1047 1049 1249 1774 1984 1187 1686 1965 BCNSPRNW ULIB Ver.6.0+V

เปลี่ยนเป็นภาษาไทย

Change to English
 แสดงรายละเอียดบรรณานุกรม
  กลับหน้าหลัก

Brief Record : Get Marc (ISO 2709) : E-mail record : QR code < ปิดหน้าต่าง
LEADER : 00000nam 2200000uu 4500
001    13399127154
003     ULIB
008    191018s2562||||th 000 0 tha d
020 ^- ^a9786163660626
050 ^- ^aนว.^bข562น
100 0^ ^aขวัญใจ เอมใจ.
245 10 ^aนางฟ้าที่(แสน)รัก /^cขวัญใจ เอมใจ.
250 ^- ^aพิมพ์ครั้งที่ 1.
260 ^- ^aนนทบุรี :^bดวงตะวัน,^c2562
300 ^- ^a447 หน้า.
945    ^p350^l0^i006341
999    ^aประนอม เกษจรัล
รายการนี้ยังไม่มีแท็ก
คุณยังไม่ได้ล็อกอิน คุณสามารถมีกิจกรรมร่วมกับเว็บไซต์ได้ แต่ต้องล็อกอินก่อน ::
  ล็อกอิน

รายการสื่อสารสนเทศ

ลำดับที่ ประเภท เลขเรียก/บาร์โค้ด สถานที่ สถานะ
1. นวนิยาย
นวนิยาย
นว. ข562น ฉ.1 
  Barcode: 006341
ห้องสมุดวิทยาเขตนครสวรรค์
►นวนิยาย:l:Fiction
บนชั้น

รายการใกล้เคียง
    ผู้แต่ง [ขวัญใจ เอมใจ.]

BibComment


ยังไม่เคยถูกคอมเมนท์

คอมเมนท์ทรัพยากรรายการนี้
  คอมเมนท์: นางฟ้าที่แสนรัก ..


 Copyright 2026. Bcnsprnw @Library